000 01393nam0a22003131 4500
001 RU\NLR\INFOCOMM_116\5000050466
005 20250613085757.0
035 _a(NLR Aleph) 009042149
090 _a9547847
_c9547847
100 _a20080803d1989 |||y0rusy50 ca
101 0 _ager
102 _aRU
105 _ac z 000zy
200 1 _aRevolutionäre Erneuerung der sowjetischen Gesellschaft
_eDirektor des Inst. für Ökonomie der Akad. der Wiss. der UdSSR, Akademiemitglied Leonid Abalkin antwortet auf Fragen des Redaktionsleiters des "Profisdat-Verl." Gennadi Chodakow
210 _aΜ.
_cProfizdat
_d1989
215 _a109 с.
_cпортр.
_d20 см
300 _aНа обороте тит. л.: Советское общество: Революционное обновление / Леонид Иванович Абалкин
517 1 _aСоветское общество: Революционное обновление
606 _aПерестройка социально-экономической жизни общества
_yСССР
_2nlr_sh1
686 _aТ3(2)74-09
_2rubbk
686 _aУ21(2)02
_2rubbk
700 1 _aAbalkin
_bL. I.
_f1930-2011
_gLeonid Ivanovič
_4070
702 1 _aChodakov
_bG.F.
_gGennadij F.
_4570
_4470
801 1 _aRU
_bNLR
_c20080803
801 0 _aRU
_bNLR
_gPSBO
852 _aNLR
_jЭк31 Д-3/98
942 _cBOOK
980 _aNB